[Event "DEM U14 2016"]
[Site "Willingen GER"]
[Date "2016.05.15"]
[Round "2"]
[White "Engel, Luis"]
[Black "Holinka, Henning"]
[Result "1-0"]
[Termination "normal"]
[Board "1"]
[WhiteElo "2223"]
[BlackElo "2011"]
[WhiteClock "00:28:26"]
[BlackClock "00:02:08"]
[PlyCount "120"]
[WhiteFideId "12961523"]
[BlackFideId "12967084"]
[EventCountry "GER"]
[EventRounds "9"]
[EventType "swiss"]
[EventDate "2016.05.14"]

1. e4 g6 2. d4 Bg7 3. Nc3 a6 4. f4 d5 5. Nxd5 e6 6. Nc3 Qxd4 7. Qxd4 Bxd4 8.
Nf3 Ba7 9. a4 Ne7 10. Bd2 O-O 11. O-O-O Nbc6 12. Bc4 Rd8 13. Ne2 Rb8 14. Bc3 b5
15. Rxd8+ Nxd8 16. Rd1 Ndc6 17. Bb3 Bc5 18. Bf6 Bb7 19. axb5 axb5 20. c3 Rd8
21. Rxd8+ Nxd8 22. Bc2 b4 23. Kd2 Ndc6 24. Ned4 Na5 25. Bd3 Nc8 26. Bd8 Nd6 27.
Bxc7 Nac4+ 28. Kc1 bxc3 29. bxc3 Bxe4 30. Bxd6 Nxd6 31. Bxe4 Nxe4 32. Kc2 Bd6
33. g3 Nc5 34. Nb3 Kf8 35. Nxc5 Bxc5 36. Kd3 Ke7 37. Kc4 Kd6 38. Ng5 Bg1 39.
Nf3 Bc5 40. Kb5 f6 41. c4 Be3 42. Kb4 g5 43. fxg5 fxg5 44. g4 h5 45. gxh5 g4
46. Nh4 Bf4 47. Ng6 Bxh2 48. h6 g3 49. c5+ Kc6 50. Nf4 g2 51. Nxg2 Be5 52. h7
Bf6 53. Nf4 e5 54. Ng6 e4 55. h8=Q Bxh8 56. Nxh8 e3 57. Ng6 e2 58. Ne5+ Kd5 59.
Nf3 Ke4 60. Ne1 Kd5 1-0

[Event "DEM U14 2016"]
[Site "Willingen GER"]
[Date "2016.05.15"]
[Round "2"]
[White "Kopylov, Daniel"]
[Black "Baltic, Fatih"]
[Result "0-1"]
[Termination "normal"]
[Board "2"]
[WhiteElo "2098"]
[BlackElo "2163"]
[WhiteClock "00:18:45"]
[BlackClock "00:55:37"]
[PlyCount "92"]
[WhiteFideId "12921971"]
[BlackFideId "12979090"]
[EventCountry "GER"]
[EventRounds "9"]
[EventType "swiss"]
[EventDate "2016.05.14"]

1. e4 c5 2. Nf3 d6 3. d4 cxd4 4. Nxd4 Nf6 5. Nc3 a6 6. Be2 e5 7. Nb3 Be7 8. O-O
O-O 9. Be3 Be6 10. Qd2 Nbd7 11. a4 Rc8 12. a5 Re8 13. Rfd1 h6 14. h3 Qc7 15.
Bf3 b5 16. axb6 Nxb6 17. Na5 Red8 18. Nd5 Nfxd5 19. exd5 Bf5 20. Nc6 Nc4 21.
Qe2 Nxe3 22. fxe3 e4 23. Bg4 Bxg4 24. Qxg4 Re8 25. Rxa6 Bf6 26. b4 Qb7 27. Qe2
Ra8 28. b5 Rxa6 29. bxa6 Qb6 30. a7 Bc3 31. Kf2 f5 32. Qc4 Bf6 33. Qb3 Qc5 34.
Qa4 f4 35. Ne7+ Kf7 36. Qxe8+ Kxe8 37. a8=Q+ Kxe7 38. Qb7+ Kf8 39. Qb8+ Kf7 40.
Qb7+ Kg6 41. Qb3 Bc3 42. Qa4 Qxe3+ 43. Kf1 f3 44. Qc4 fxg2+ 45. Kxg2 Qf3+ 46.
Kh2 Be5+ 0-1

[Event "DEM U14 2016"]
[Site "Willingen GER"]
[Date "2016.05.15"]
[Round "2"]
[White "Preißler, Niklas"]
[Black "Zimmer, Raphael"]
[Result "1/2-1/2"]
[Termination "normal"]
[Board "3"]
[WhiteElo "1909"]
[BlackElo "2091"]
[WhiteClock "00:15:08"]
[BlackClock "00:18:12"]
[PlyCount "105"]
[WhiteFideId "12927554"]
[BlackFideId "12978841"]
[EventCountry "GER"]
[EventRounds "9"]
[EventType "swiss"]
[EventDate "2016.05.14"]

1. d4 d5 2. Bf4 e6 3. e3 Bd6 4. Bxd6 Qxd6 5. c4 Nf6 6. Nc3 a6 7. cxd5 exd5 8.
Nf3 O-O 9. Be2 c5 10. dxc5 Qxc5 11. O-O Nc6 12. Nd4 Ne5 13. Rc1 Qb4 14. b3 b6
15. Qd2 Bb7 16. Ne4 Qxd2 17. Nxd2 a5 18. Rc7 Rab8 19. Rfc1 Rfd8 20. N2f3 Ng6
21. Bb5 Rdc8 22. h3 Ne4 23. Nf5 Nc5 24. Rxc8+ Bxc8 25. N5d4 Bb7 26. Kf1 Rc8 27.
a3 Ne7 28. Ne5 f6 29. Nd3 Nxd3 30. Rxc8+ Nxc8 31. Bxd3 g6 32. Ke2 Kf7 33. f3
Nd6 34. Kd2 Bc8 35. Kc3 Ke7 36. g4 Bd7 37. b4 axb4+ 38. Kxb4 Be8 39. Be2 h6 40.
h4 Bd7 41. Bd3 g5 42. hxg5 hxg5 43. Be2 Kd8 44. Bd3 Kc7 45. Be2 f5 46. gxf5
Nxf5 47. Nxf5 Bxf5 48. Kc3 Kd6 49. Kd4 Bh3 50. Bd1 Bf5 51. Bb3 Be6 52. Ba2 Bf7
53. Bb3 1/2-1/2

[Event "DEM U14 2016"]
[Site "Willingen GER"]
[Date "2016.05.15"]
[Round "2"]
[White "Färber, David"]
[Black "Suvorov, Luca"]
[Result "1/2-1/2"]
[Termination "normal"]
[Board "4"]
[WhiteElo "2117"]
[BlackElo "1995"]
[WhiteClock "00:15:08"]
[BlackClock "00:14:53"]
[PlyCount "89"]
[WhiteFideId "12971294"]
[BlackFideId "12977071"]
[EventCountry "GER"]
[EventRounds "9"]
[EventType "swiss"]
[EventDate "2016.05.14"]

1. e4 c6 2. d4 d5 3. Nd2 dxe4 4. Nxe4 Bf5 5. Ng3 Bg6 6. h4 h6 7. Nf3 Nd7 8. h5
Bh7 9. Bd3 Bxd3 10. Qxd3 e6 11. Bd2 Ngf6 12. O-O-O Be7 13. Kb1 O-O 14. Ne4 Nxe4
15. Qxe4 Nf6 16. Qe2 Qd5 17. Be3 Rfd8 18. Ne5 Bd6 19. Nd3 Qb5 20. Ka1 a5 21. c3
a4 22. Qd2 Qc4 23. Rc1 b5 24. f3 Qd5 25. Rcd1 Rdb8 26. Rh3 b4 27. Nxb4 Bxb4 28.
cxb4 a3 29. b3 Qb5 30. Bxh6 Ne8 31. Bf4 Rb7 32. h6 g6 33. Rc1 Kh7 34. Rc4 Rd8
35. Qc2 Rbd7 36. Be5 f6 37. Rg3 f5 38. f4 Nd6 39. Bxd6 Rxd6 40. Rd3 Qd5 41. Qf2
Qe4 42. Rd1 R8d7 43. g3 Rd8 44. Qd2 Qf3 45. Rg1 1/2-1/2

[Event "DEM U14 2016"]
[Site "Willingen GER"]
[Date "2016.05.15"]
[Round "2"]
[White "Bui, Hai Lam"]
[Black "Schmider, Niklas"]
[Result "0-1"]
[Termination "normal"]
[Board "5"]
[WhiteElo "2025"]
[BlackElo "2023"]
[WhiteClock "00:27:25"]
[BlackClock "00:27:57"]
[PlyCount "58"]
[WhiteFideId "12975737"]
[BlackFideId "12993778"]
[EventCountry "GER"]
[EventRounds "9"]
[EventType "swiss"]
[EventDate "2016.05.14"]

1. e4 c5 2. Nf3 d6 3. d4 cxd4 4. Nxd4 Nf6 5. Nc3 a6 6. Bg5 e6 7. f4 Be7 8. Qf3
Qc7 9. O-O-O Nbd7 10. g4 h6 11. Bxf6 Bxf6 12. Kb1 g5 13. e5 dxe5 14. Nxe6 fxe6
15. fxg5 Bxg5 16. Ne4 Be7 17. Qh3 b5 18. Qh5+ Kd8 19. Qf7 Bb7 20. Bg2 Bd5 21.
Nf6 Bxf6 22. Bxd5 exd5 23. Rxd5 Kc8 24. Rhd1 Rd8 25. Qe6 Ra7 26. Rd6 Kb8 27.
Rc6 Nf8 28. Rb6+ Rb7 29. Rxb7+ Kxb7 0-1

[Event "DEM U14 2016"]
[Site "Willingen GER"]
[Date "2016.05.15"]
[Round "2"]
[White "Pajeken, Jakob Leon"]
[Black "Hoffmann, Lennard"]
[Result "1/2-1/2"]
[Termination "normal"]
[Board "6"]
[WhiteElo "2066"]
[BlackElo "1867"]
[WhiteClock "01:11:36"]
[BlackClock "00:52:51"]
[PlyCount "57"]
[WhiteFideId "12942839"]
[BlackFideId "12943495"]
[EventCountry "GER"]
[EventRounds "9"]
[EventType "swiss"]
[EventDate "2016.05.14"]

1. e4 c5 2. Nf3 d6 3. d4 cxd4 4. Nxd4 Nf6 5. Nc3 a6 6. Be2 e5 7. Nb3 Be7 8. O-O
O-O 9. Re1 Be6 10. Bf3 Nbd7 11. a4 Qc7 12. a5 b5 13. axb6 Nxb6 14. Na5 Nc4 15.
Nxc4 Bxc4 16. Bg5 Rab8 17. Bxf6 Bxf6 18. b3 Bxb3 19. cxb3 Qxc3 20. Rxa6 Qxb3
21. Rxd6 Rfd8 22. Rxd8+ Bxd8 23. Qd6 Qb4 24. Qxb4 Rxb4 25. Ra1 h6 26. Kf1 Bb6
27. Be2 Bd4 28. Rc1 Rb2 29. f3 1/2-1/2

[Event "DEM U14 2016"]
[Site "Willingen GER"]
[Date "2016.05.15"]
[Round "2"]
[White "Biermann, Florian"]
[Black "Roseneck, Jonas"]
[Result "0-1"]
[Termination "normal"]
[Board "7"]
[WhiteElo "1964"]
[BlackElo "2011"]
[WhiteClock "00:00:46"]
[BlackClock "00:36:36"]
[PlyCount "52"]
[WhiteFideId "12970069"]
[BlackFideId "12939870"]
[EventCountry "GER"]
[EventRounds "9"]
[EventType "swiss"]
[EventDate "2016.05.14"]

1. c4 e5 2. Nc3 Nf6 3. g3 d5 4. cxd5 Nxd5 5. Bg2 Nb6 6. Nf3 Nc6 7. O-O Be7 8.
d3 O-O 9. a3 Re8 10. b4 Bf8 11. Be3 Nd4 12. Rc1 c6 13. Ne4 h6 14. Nc5 a5 15.
Bxd4 exd4 16. Nb3 axb4 17. axb4 Bxb4 18. Nfxd4 Na4 19. e3 Nc3 20. Qh5 Qd6 21.
Ra1 Rxa1 22. Rxa1 c5 23. Nf5 Qxd3 24. Ra8 Ne2+ 25. Qxe2 Qxe2 26. Rxc8 Rxc8 0-1

[Event "DEM U14 2016"]
[Site "Willingen GER"]
[Date "2016.05.15"]
[Round "2"]
[White "Tong, Kevin"]
[Black "Rockmann, Jan-Okke"]
[Result "1/2-1/2"]
[Termination "normal"]
[Board "8"]
[WhiteElo "2037"]
[BlackElo "1885"]
[WhiteClock "00:03:07"]
[BlackClock "01:25:10"]
[PlyCount "130"]
[WhiteFideId "12913944"]
[BlackFideId "12942111"]
[EventCountry "GER"]
[EventRounds "9"]
[EventType "swiss"]
[EventDate "2016.05.14"]

1. e4 e5 2. Nf3 Nc6 3. Bc4 Bc5 4. c3 Nf6 5. d3 a6 6. O-O O-O 7. h3 d6 8. Bb3 h6
9. Re1 Ba7 10. Nbd2 Re8 11. Nf1 Be6 12. Bc2 d5 13. exd5 Nxd5 14. Ng3 f6 15. d4
exd4 16. Qd3 Kf8 17. Nxd4 Nxd4 18. cxd4 Nb4 19. Qa3 c5 20. Be4 f5 21. Qf3 Qf6
22. Bxf5 Bxf5 23. Rxe8+ Rxe8 24. Nxf5 cxd4 25. Bd2 Nc6 26. Rc1 Bb8 27. Nh4 Qxf3
28. Nxf3 Rd8 29. Kf1 Kf7 30. Re1 Rd5 31. Ke2 d3+ 32. Kd1 g5 33. Re4 Kf6 34. Re8
Bc7 35. Rh8 Kg6 36. h4 Bd8 37. hxg5 hxg5 38. Bc3 Bf6 39. Bxf6 Kxf6 40. Kd2 g4
41. Ne1 Ne5 42. b3 Rd4 43. Rb8 Re4 44. Kd1 Re2 45. Nxd3 Rxa2 46. Nxe5 Kxe5 47.
Rxb7 Rxf2 48. Rb6 Kf4 49. Rxa6 Kg3 50. Ke1 Kxg2 51. Rg6 g3 52. b4 Rb2 53. Rb6
Kh1 54. b5 g2 55. Rh6+ Kg1 56. b6 Rb3 57. Ke2 Rb5 58. Re6 Rb1 59. Rh6 Rb3 60.
Re6 Kh2 61. Rh6+ Rh3 62. Rxh3+ Kxh3 63. b7 g1=Q 64. b8=Q Qh2+ 65. Qxh2+ Kxh2
1/2-1/2

[Event "DEM U14 2016"]
[Site "Willingen GER"]
[Date "2016.05.15"]
[Round "2"]
[White "Lindow, Max"]
[Black "Mantel, Ruben"]
[Result "0-1"]
[Termination "normal"]
[Board "9"]
[WhiteElo "1472"]
[BlackElo "1925"]
[WhiteClock "00:25:44"]
[BlackClock "00:27:57"]
[PlyCount "98"]
[WhiteFideId "16211057"]
[BlackFideId "12930121"]
[EventCountry "GER"]
[EventRounds "9"]
[EventType "swiss"]
[EventDate "2016.05.14"]

1. e4 c5 2. d4 cxd4 3. c3 Nc6 4. cxd4 d5 5. e5 Bf5 6. Bd3 Bxd3 7. Qxd3 e6 8.
Bd2 Qb6 9. Bc3 Rc8 10. a3 Na5 11. Nd2 Nh6 12. Ngf3 Be7 13. Rd1 O-O 14. O-O Nf5
15. Rfe1 Nc4 16. Rb1 Nxd2 17. Qxd2 Rc4 18. Red1 Rfc8 19. Rbc1 Qc6 20. Ra1 b5
21. Qe1 Bd8 22. Rd3 Qb6 23. Rad1 a5 24. b3 R4c6 25. Rb1 Qc7 26. Bb2 Be7 27.
Rdd1 a4 28. b4 Rc4 29. Rdc1 Qb6 30. h3 h6 31. Kh2 Bg5 32. Rd1 Rc2 33. Nxg5 hxg5
34. Rd2 R2c4 35. Rbd1 Qd8 36. Qe2 Qe7 37. Qf3 Nh6 38. Re2 g4 39. hxg4 Qh4+ 40.
Qh3 Nxg4+ 41. Kg1 Qxh3 42. gxh3 Nh6 43. Ree1 Nf5 44. Kf1 Rc2 45. Re2 Kh7 46.
Ke1 Nh4 47. Kf1 Nf3 48. Rxc2 Rxc2 49. Bc1 Nxd4 0-1

[Event "DEM U14 2016"]
[Site "Willingen GER"]
[Date "2016.05.15"]
[Round "2"]
[White "Engel, Robert"]
[Black "Mätzkow, Maximilian Paul"]
[Result "0-1"]
[Termination "normal"]
[Board "10"]
[WhiteElo "1757"]
[BlackElo "2161"]
[WhiteClock "00:23:40"]
[BlackClock "00:06:27"]
[PlyCount "120"]
[WhiteFideId "12974684"]
[BlackFideId "24679933"]
[EventCountry "GER"]
[EventRounds "9"]
[EventType "swiss"]
[EventDate "2016.05.14"]

1. e4 c5 2. Nf3 d6 3. Bb5+ Bd7 4. Bxd7+ Qxd7 5. c4 Nc6 6. d4 cxd4 7. Nxd4 g6 8.
Nc3 Bg7 9. Be3 Nf6 10. f3 O-O 11. O-O Rac8 12. b3 Nxd4 13. Bxd4 b6 14. Rc1 Ne8
15. Nd5 Bxd4+ 16. Qxd4 Nc7 17. Qd2 Nxd5 18. cxd5 f6 19. Rfe1 Qb5 20. Re3 Rc5
21. Rxc5 Qxc5 22. Qc3 Rc8 23. Qxc5 Rxc5 24. Kf2 Kf7 25. g4 a5 26. h4 b5 27. a3
f5 28. Kg3 fxg4 29. Kxg4 Rc2 30. f4 Ra2 31. b4 axb4 32. axb4 Rb2 33. e5 Rd2 34.
exd6 exd6 35. Rc3 Kf6 36. Rc8 Rxd5 37. Rb8 Rd3 38. h5 gxh5+ 39. Kxh5 Rd5+ 40.
Kh6 Kf5 41. Rf8+ Ke4 42. Kxh7 Rf5 43. Re8+ Kd5 44. Re1 Rxf4 45. Rb1 Kc4 46. Kg6
d5 47. Kg5 Rf8 48. Rc1+ Kxb4 49. Rd1 Kc5 50. Rc1+ Kd6 51. Rb1 Ke5 52. Re1+ Kd4
53. Rd1+ Kc3 54. Rxd5 b4 55. Rc5+ Kb2 56. Kg4 b3 57. Kg3 Kb1 58. Kg2 b2 59. Rc7
Ra8 60. Rf7 Ka1 0-1

[Event "DEM U14 2016"]
[Site "Willingen GER"]
[Date "2016.05.15"]
[Round "2"]
[White "Wong, Gengchun"]
[Black "Mühlpfordt, Thomas"]
[Result "0-1"]
[Termination "normal"]
[Board "11"]
[WhiteElo "2077"]
[BlackElo "1707"]
[WhiteClock "00:32:40"]
[BlackClock "00:36:49"]
[PlyCount "62"]
[WhiteFideId "12963283"]
[BlackFideId "12986623"]
[EventCountry "GER"]
[EventRounds "9"]
[EventType "swiss"]
[EventDate "2016.05.14"]

1. e4 e5 2. Nf3 Nc6 3. Bb5 a6 4. Bxc6 dxc6 5. O-O Bg4 6. h3 Bh5 7. g4 Bg6 8.
Nxe5 Qh4 9. Qf3 f6 10. Nxg6 hxg6 11. Kg2 O-O-O 12. Qg3 Qh7 13. d3 g5 14. Rh1
Ne7 15. f4 Ng6 16. f5 Nh4+ 17. Kg1 Bd6 18. Qf2 Kb8 19. Nd2 g6 20. Nf3 gxf5 21.
Nxh4 fxg4 22. Nf5 gxh3 23. Nxd6 cxd6 24. Be3 d5 25. exd5 Rxd5 26. Rf1 g4 27.
Qxf6 h2+ 28. Kf2 Rf5+ 29. Bf4+ Ka8 30. Qd6 Re8 31. Re1 Qh4+ 0-1

[Event "DEM U14 2016"]
[Site "Willingen GER"]
[Date "2016.05.15"]
[Round "2"]
[White "Yankelevich, Michael"]
[Black "Wierzbicki, Jirawat"]
[Result "0-1"]
[Termination "normal"]
[Board "13"]
[WhiteElo "1960"]
[BlackElo "2071"]
[WhiteClock "01:03:22"]
[BlackClock "00:19:54"]
[PlyCount "102"]
[WhiteFideId "12921440"]
[BlackFideId "1153579"]
[EventCountry "GER"]
[EventRounds "9"]
[EventType "swiss"]
[EventDate "2016.05.14"]

1. d4 d5 2. c4 dxc4 3. Nf3 Nf6 4. e3 Bg4 5. Bxc4 e6 6. Nc3 Nc6 7. h3 Bh5 8. O-O
Bd6 9. Be2 O-O 10. e4 Bxf3 11. Bxf3 Nxd4 12. Be3 Nxf3+ 13. Qxf3 Nd7 14. Rfd1 a6
15. Rac1 Qe7 16. Bf4 Bxf4 17. Qxf4 Rac8 18. Na4 e5 19. Qe3 Rfd8 20. Rd2 Qb4 21.
Nc3 Nb6 22. a3 Qe7 23. Rdc2 h6 24. Ne2 Kh7 25. Ng3 g6 26. Qc5 Qe6 27. Qe3 Rd7
28. Nf1 f5 29. Rc5 f4 30. Qc3 Na4 31. Qxe5 Nxc5 32. Rxc5 Qxe5 33. Rxe5 Kg7 34.
Rc5 c6 35. g3 fxg3 36. Nxg3 Rd1+ 37. Kg2 Rd2 38. b4 Rf8 39. Nh1 Re2 40. a4 Rxe4
41. b5 Rxa4 42. bxc6 bxc6 43. Rxc6 Ra2 44. Rc7+ Rf7 45. Rc6 h5 46. h4 Rf4 47.
Kg3 Rb4 48. Rc7+ Kh6 49. f3 Rb1 50. Nf2 Rg1+ 51. Kh2 Rf1 0-1

[Event "DEM U14 2016"]
[Site "Willingen GER"]
[Date "2016.05.15"]
[Round "2"]
[White "Röhr, Tobias"]
[Black "Stelmaszyk, Nico"]
[Result "0-1"]
[Termination "normal"]
[Board "14"]
[WhiteElo "1898"]
[BlackElo "1778"]
[WhiteClock "00:36:10"]
[BlackClock "00:04:10"]
[PlyCount "120"]
[WhiteFideId "12963089"]
[BlackFideId "16200462"]
[EventCountry "GER"]
[EventRounds "9"]
[EventType "swiss"]
[EventDate "2016.05.14"]

1. d4 d5 2. c4 e6 3. cxd5 exd5 4. Nc3 c5 5. Nf3 Nc6 6. Bg5 Nf6 7. e3 c4 8. Ne5
Be7 9. Be2 O-O 10. O-O Be6 11. f4 h6 12. Bh4 Ne4 13. Nxe4 Bxh4 14. Nc5 Nxe5 15.
Nxe6 fxe6 16. dxe5 Qb6 17. Qd4 Qxd4 18. exd4 g6 19. Rf3 Bd8 20. Kf2 b5 21. a4
b4 22. b3 cxb3 23. Rxb3 Rxf4+ 24. Ke3 Re4+ 25. Kd3 Bg5 26. Bf3 Re3+ 27. Kc2
Rc8+ 28. Kb2 a5 29. Rf1 h5 30. g3 Rxb3+ 31. Kxb3 Rc3+ 32. Kb2 Rd3 33. h4 Be3
34. g4 Bxd4+ 35. Kc2 Rc3+ 36. Kd2 Bxe5 37. gxh5 Bf4+ 38. Ke2 Rc2+ 39. Ke1 gxh5
40. Rg1+ Kh7 41. Bxh5 b3 42. Rg4 Rc1+ 43. Ke2 b2 44. Bg6+ Kh6 45. Bd3 e5 46.
Rg6+ Kh5 47. Rb6 e4 48. Rxb2 exd3+ 49. Kxd3 Rd1+ 50. Ke2 Rd4 51. Rb5 Bd2 52.
Rb8 Kxh4 53. Rd8 Kg5 54. Rg8+ Kf6 55. Rh8 Ke6 56. Rh3 Kd6 57. Rb3 Bb4 58. Rh3
Kc5 59. Rh8 Kc4 60. Rh1 Kb3 0-1

[Event "DEM U14 2016"]
[Site "Willingen GER"]
[Date "2016.05.15"]
[Round "2"]
[White "Biastoch, Bennet"]
[Black "Roth, Jakob"]
[Result "1/2-1/2"]
[Termination "normal"]
[Board "15"]
[WhiteElo "2105"]
[BlackElo "1847"]
[WhiteClock "00:10:56"]
[BlackClock "00:57:10"]
[PlyCount "94"]
[WhiteFideId "12939889"]
[BlackFideId "12952605"]
[EventCountry "GER"]
[EventRounds "9"]
[EventType "swiss"]
[EventDate "2016.05.14"]

1. e4 e6 2. d4 d5 3. Nc3 Nf6 4. e5 Nfd7 5. f4 c5 6. Nf3 Be7 7. Be3 O-O 8. Qd2
b6 9. O-O-O Nc6 10. Bb5 Qc7 11. g4 c4 12. f5 a6 13. Bxc6 Qxc6 14. Bg5 f6 15.
exf6 Nxf6 16. Ne5 Qb7 17. fxe6 b5 18. Qe3 b4 19. Na4 Rb8 20. Rde1 b3 21. axb3
cxb3 22. Qxb3 Qc7 23. Qc3 Qb7 24. Nc6 Bb4 25. Nxb4 Qxb4 26. Qxb4 Rxb4 27. b3
Rxd4 28. Nb6 Re8 29. Bxf6 gxf6 30. c3 Re4 31. Nxd5 Rxe1+ 32. Rxe1 Rxe6 33. Rxe6
Bxe6 34. Nxf6+ Kg7 35. Ne8+ Kg6 36. c4 Bxg4 37. Nc7 Bc8 38. Kd2 Kf5 39. Ke3 Kg4
40. c5 Kh3 41. c6 Kxh2 42. Kf4 Kg2 43. Nd5 h5 44. Kg5 Kf3 45. Ne7 Be6 46. Kf6
Bg4 47. Nf5 Ke4 1/2-1/2

[Event "DEM U14 2016"]
[Site "Willingen GER"]
[Date "2016.05.15"]
[Round "2"]
[White "Suvorov, Alexander"]
[Black "Lesny, Florian"]
[Result "1/2-1/2"]
[Termination "normal"]
[Board "16"]
[WhiteElo "2086"]
[BlackElo "1865"]
[PlyCount "135"]
[WhiteFideId "12977063"]
[BlackFideId "12973874"]
[EventCountry "GER"]
[EventRounds "9"]
[EventType "swiss"]
[EventDate "2016.05.14"]

1. d4 d5 2. c4 c6 3. Nf3 Nf6 4. e3 e6 5. b3 Nbd7 6. Bd3 Be7 7. O-O O-O 8. Bb2
b6 9. Nc3 Bb7 10. Qc2 Rc8 11. Ne5 c5 12. Rad1 h6 13. f4 Qc7 14. Qe2 Rfd8 15.
cxd5 Nxd5 16. Nxd5 Bxd5 17. Ng4 Nf6 18. dxc5 Qxc5 19. Bd4 Qb4 20. Bxf6 Bxf6 21.
Nxf6+ gxf6 22. e4 Qc5+ 23. Kh1 Bb7 24. Qg4+ Kh8 25. Qh4 Kg7 26. Qg4+ Kh8 27.
Qh4 27... Kg7 $11 28. e5 fxe5 29. fxe5 Qxe5 30. Qe7 Rxd3 31. Qxf7+ Kh8 32. Qxb7
Rdd8 33. Rxd8+ Rxd8 34. Qxa7 Qe2 35. Rg1 Rd1 36. Qxb6 Rxg1+ 37. Qxg1 Qxa2 38.
Qd1 e5 39. h3 39... Qb2 $11 40. Kh2 Kg7 41. Qd7+ Kf6 42. Qd6+ Kf5 43. b4 Qd4
44. Qf8+ Kg6 45. b5 e4 46. Qg8+ Kf5 47. Qf7+ Ke5 48. Qg7+ Kd5 49. Qd7+ Kc4 50.
Qxd4+ Kxd4 51. b6 e3 52. b7 e2 53. b8=Q e1=Q 54. Qd6+ Kc4 55. Qf4+ Kd5 56. h4
Qe6 57. Kg3 Qg6+ 58. Kh3 Kc5 59. Qe5+ Kc6 60. g3 h5 61. Kg2 Qg4 62. Kf2 Kd7 63.
Ke3 Qd1 64. Ke4 Qg4+ 65. Ke3 Qd1 66. Ke4 Qg4+ 67. Kd5 Qd1+ 68. Ke4 1/2-1/2

[Event "DEM U14 2016"]
[Site "Willingen GER"]
[Date "2016.05.15"]
[Round "2"]
[White "Biermann, Lenhard"]
[Black "Oganessjan, Artur"]
[Result "0-1"]
[Termination "normal"]
[Board "17"]
[WhiteElo "1711"]
[BlackElo "1990"]
[PlyCount "70"]
[WhiteFideId "12970077"]
[BlackFideId "12986062"]
[EventCountry "GER"]
[EventRounds "9"]
[EventType "swiss"]
[EventDate "2016.05.14"]

1. d4 d6 2. Nf3 g6 3. c4 Bg7 4. Nc3 Nc6 5. h3 e5 6. Bg5 f6 7. Bh4 Bd7 8. e3
Nce7 9. dxe5 dxe5 10. e4 c6 11. Be2 Nh6 12. O-O Qc7 13. Qb3 Be6 14. Qa3 O-O 15.
Rad1 Nf7 16. b4 g5 17. Bg3 Ng6 18. b5 Nf4 19. Bxf4 gxf4 20. bxc6 bxc6 21. Qc5
Rfc8 22. Qa3 Bf8 23. Qa4 Bc5 24. Qc2 Kh8 25. Na4 Be7 26. Kh2 Rg8 27. Rb1 Ng5
28. Rb3 Qc8 29. Qb2 Nxe4 30. Re1 Ng5 31. Bd1 Qf8 32. Bc2 Qh6 33. Nxg5 Qxg5 34.
Be4 Bf5 35. f3 Qg3+ 0-1

[Event "DEM U14 2016"]
[Site "Willingen GER"]
[Date "2016.05.15"]
[Round "2"]
[White "Meric, Geoffrey"]
[Black "Brunner, Jan"]
[Result "0-1"]
[Termination "normal"]
[Board "18"]
[WhiteElo "1873"]
[BlackElo "1963"]
[PlyCount "76"]
[WhiteFideId "26092891"]
[BlackFideId "12981010"]
[EventCountry "GER"]
[EventRounds "9"]
[EventType "swiss"]
[EventDate "2016.05.14"]

1. e4 c5 2. Nf3 Nc6 3. Bb5 g6 4. Bxc6 dxc6 5. d3 Bg7 6. h3 e6 7. Nc3 Ne7 8. Be3
b6 9. a4 a5 10. O-O Ba6 11. Nd2 O-O 12. f4 Qc7 13. Qe1 f5 14. Qh4 Bf6 15. Qf2
e5 16. Rab1 Rad8 17. Ne2 Bg7 18. b4 axb4 19. a5 bxa5 20. Bxc5 Rb8 21. d4 exd4
22. e5 Rbd8 23. Nxd4 Bxf1 24. Ne6 Qd7 25. Nxd8 Rxd8 26. Nxf1 Nd5 27. Rd1 Qe8
28. Qd4 g5 29. Ne3 Qe6 30. Nc4 gxf4 31. Re1 Kf7 32. Qa1 Nc3 33. Qxa5 Qxc4 34.
e6+ Ke8 35. Qa7 Qxc5+ 36. Qxc5 Bd4+ 37. Qxd4 Rxd4 38. Kf2 Re4 0-1

[Event "DEM U14 2016"]
[Site "Willingen GER"]
[Date "2016.05.15"]
[Round "2"]
[White "Pölt, Christoph"]
[Black "von Estorff, Jacob"]
[Result "0-1"]
[Termination "normal"]
[Board "19"]
[WhiteElo "1767"]
[BlackElo "1876"]
[PlyCount "120"]
[WhiteFideId "12960853"]
[BlackFideId "12974501"]
[EventCountry "GER"]
[EventRounds "9"]
[EventType "swiss"]
[EventDate "2016.05.14"]

1. d4 d5 2. c4 e6 3. Nf3 Nf6 4. g3 Be7 5. Bg2 O-O 6. O-O Nbd7 7. Qc2 Re8 8.
Nbd2 c6 9. e4 dxe4 10. Nxe4 b6 11. Nxf6+ Bxf6 12. Ne5 Bb7 13. Nxc6 Bxc6 14.
Bxc6 Rc8 15. Be4 Bxd4 16. Bxh7+ Kh8 17. Be3 Bxe3 18. fxe3 Nf6 19. Be4 Qc7 20.
Rf4 b5 21. b3 Qe5 22. Raf1 Kg8 23. Kg2 bxc4 24. bxc4 Rb8 25. R1f2 Rec8 26. Bf3
Qxe3 27. Re2 Qc5 28. Be4 Rb4 29. Bd3 Qb6 30. Ref2 Nd5 31. cxd5 Rxc2 32. Rxc2
Rb2 33. Rff2 Rxc2 34. Rxc2 Qb7 35. Be4 exd5 36. Bf3 Qb5 37. Rd2 d4 38. Kf2 Qc4
39. Be2 Qd5 40. Bf3 Qc5 41. Ke2 Qe5+ 42. Kd1 Qe3 43. Bd5 d3 44. Rg2 g6 45. h4
Kg7 46. g4 Qd4 47. Ba8 Qd8 48. Be4 Qxh4 49. Kd2 f5 50. Bxd3 fxg4 51. Be2 Qg5+
52. Ke1 g3 53. Bf1 Qe3+ 54. Be2 Kh6 55. a4 Kg5 56. Kd1 Kh4 57. a5 Kh3 58. Bf1
Qf3+ 59. Ke1 Qxg2 60. Bxg2+ Kxg2 0-1

[Event "DEM U14 2016"]
[Site "Willingen GER"]
[Date "2016.05.15"]
[Round "2"]
[White "Recktenwald, Cedric"]
[Black "Pysarenko, Kyrill"]
[Result "1-0"]
[Termination "normal"]
[Board "20"]
[WhiteElo "1563"]
[BlackElo "1718"]
[PlyCount "85"]
[WhiteFideId "12971928"]
[BlackFideId "12974250"]
[EventCountry "GER"]
[EventRounds "9"]
[EventType "swiss"]
[EventDate "2016.05.14"]

1. e4 c5 2. Nf3 e6 3. b3 d6 4. Bb2 Nf6 5. e5 dxe5 6. Nxe5 a6 7. Be2 Nbd7 8. O-O
Be7 9. Bf3 Qc7 10. Re1 O-O 11. Na3 Rb8 12. Nac4 b5 13. Nc6 bxc4 14. Nxe7+ Kh8
15. Nc6 Rb6 16. Ne5 cxb3 17. axb3 Nxe5 18. Bxe5 Qe7 19. Bc3 Bb7 20. Ra4 Bxf3
21. Qxf3 Nd7 22. Qe2 Nb8 23. Qh5 f6 24. Rh4 h6 25. Re3 Nd7 26. Rg3 Rf7 27. Qg6
Rb8 28. Ra4 Rb6 29. Rag4 Rb8 30. Ra4 Rb6 31. Ba5 Ne5 32. Qe4 Rd6 33. d4 cxd4
34. Bb4 d3 35. Bxd6 dxc2 36. Qxc2 Qxd6 37. h3 Rc7 38. Rxa6 Rxc2 39. Rxd6 Rc6
40. Rxc6 Nxc6 41. Rc3 Nd4 42. Rd3 e5 43. Rxd4 1-0